<?xml version="1.0" encoding="UTF-8"?>
<record
    xmlns:xsi="http://www.w3.org/2001/XMLSchema-instance"
    xsi:schemaLocation="http://www.loc.gov/MARC21/slim http://www.loc.gov/standards/marcxml/schema/MARC21slim.xsd"
    xmlns="http://www.loc.gov/MARC21/slim">

  <leader>02330cam a22003254a 4500</leader>
  <controlfield tag="001">12649869</controlfield>
  <controlfield tag="003">OSt</controlfield>
  <controlfield tag="005">20230316094320.0</controlfield>
  <controlfield tag="008">020118s2003    maua          001 0 eng  </controlfield>
  <datafield tag="010" ind1=" " ind2=" ">
    <subfield code="a">  2002018857</subfield>
  </datafield>
  <datafield tag="020" ind1=" " ind2=" ">
    <subfield code="a">9780078028816</subfield>
  </datafield>
  <datafield tag="020" ind1=" " ind2=" ">
    <subfield code="a">0078028817</subfield>
  </datafield>
  <datafield tag="040" ind1=" " ind2=" ">
    <subfield code="a">DLC</subfield>
    <subfield code="c">DLC</subfield>
    <subfield code="d">DLC</subfield>
  </datafield>
  <datafield tag="042" ind1=" " ind2=" ">
    <subfield code="a">pcc</subfield>
  </datafield>
  <datafield tag="050" ind1="0" ind2="0">
    <subfield code="a">HF5415.2.H25</subfield>
  </datafield>
  <datafield tag="082" ind1="0" ind2="0">
    <subfield code="a">658.8/3</subfield>
    <subfield code="2">21</subfield>
  </datafield>
  <datafield tag="100" ind1="1" ind2=" ">
    <subfield code="a">Hair, Joseph F.</subfield>
    <subfield code="9">987</subfield>
  </datafield>
  <datafield tag="245" ind1="1" ind2="0">
    <subfield code="a">Essentials of marketing research. /</subfield>
    <subfield code="c">Joseph F. Hair, Jr....[et al.]</subfield>
  </datafield>
  <datafield tag="250" ind1=" " ind2=" ">
    <subfield code="a">3rd ed.</subfield>
  </datafield>
  <datafield tag="260" ind1=" " ind2=" ">
    <subfield code="a">Boston :</subfield>
    <subfield code="b">McGraw-Hill/Irwin,</subfield>
    <subfield code="c">2013.</subfield>
  </datafield>
  <datafield tag="300" ind1=" " ind2=" ">
    <subfield code="a">xxiii, 672 p. :</subfield>
    <subfield code="b">ill. ;</subfield>
    <subfield code="c">27 cm. +</subfield>
  </datafield>
  <datafield tag="440" ind1=" " ind2="0">
    <subfield code="a">McGraw-Hill/Irwin series in marketing</subfield>
    <subfield code="9">1015</subfield>
  </datafield>
  <datafield tag="500" ind1=" " ind2=" ">
    <subfield code="a">Includes bibliographical references and index.</subfield>
  </datafield>
  <datafield tag="505" ind1=" " ind2=" ">
    <subfield code="a">Contents: Marketing research information and technology: The Role of marketing research in strategic planning -- The Research process -- Problem definition, research objectives, and marketing research ethics -- Strategic information management: secondary data sources -- Customer relationship management and the marketing research process -- Designing the marketing research project: Marketing and dtabase development -- Marketing decision support systems and business intelligence -- Exploratory designs: in-depth interviews and focus groups -- Descriptive research designs: survey methods and errors -- Observation techniques, experiments and test markets -- Gathering and collecting accurate data: Sampling: theory, designs, and issues in marketing research -- Overview of measurement: construct development and scale measurement -- Attitude scale measurement used in scale survey research -- Questionnaire designs and issues -- Data preparation, analysis and reporting the results: Coding editing and preparing data for analysis -- Data analysis: testing for significant differences -- Data analysis: testing for association -- Data analysis: multiariate techniques for the research process -- Preparing the marketing research report and presentation -- Appendix of statistical tables.</subfield>
  </datafield>
  <datafield tag="650" ind1=" " ind2="0">
    <subfield code="a">Marketing research.</subfield>
    <subfield code="9">992</subfield>
  </datafield>
  <datafield tag="700" ind1="1" ind2=" ">
    <subfield code="a">Hair, Joseph F.</subfield>
    <subfield code="9">987</subfield>
  </datafield>
  <datafield tag="906" ind1=" " ind2=" ">
    <subfield code="a">7</subfield>
    <subfield code="b">cbc</subfield>
    <subfield code="c">orignew</subfield>
    <subfield code="d">1</subfield>
    <subfield code="e">ocip</subfield>
    <subfield code="f">20</subfield>
    <subfield code="g">y-gencatlg</subfield>
  </datafield>
  <datafield tag="942" ind1=" " ind2=" ">
    <subfield code="2">lcc</subfield>
    <subfield code="c">BK</subfield>
  </datafield>
  <datafield tag="999" ind1=" " ind2=" ">
    <subfield code="c">9426</subfield>
    <subfield code="d">16926</subfield>
  </datafield>
  <datafield tag="952" ind1=" " ind2=" ">
    <subfield code="0">0</subfield>
    <subfield code="1">0</subfield>
    <subfield code="2">lcc</subfield>
    <subfield code="4">0</subfield>
    <subfield code="7">0</subfield>
    <subfield code="a">WIUC-KL</subfield>
    <subfield code="b">WIUC-KL</subfield>
    <subfield code="c">GEN</subfield>
    <subfield code="d">2023-03-11</subfield>
    <subfield code="l">0</subfield>
    <subfield code="o">HF5415.2.H25(3e)</subfield>
    <subfield code="p">K/3002/0100/23</subfield>
    <subfield code="r">2023-03-14 00:00:00</subfield>
    <subfield code="w">2023-03-14</subfield>
    <subfield code="y">BK</subfield>
  </datafield>
</record>
